Irish Authors Quiz Stats

 Plays Quiz Updated Jan 5, 2017

Score 0/20 Timer 07:00
1 Play Today
Work Author % Correct
UlyssesJames Joyce
88.3%
The Chronicles of NarniaC.S. Lewis
83.1%
DraculaBram Stoker
73.5%
The Importance of Being EarnestOscar Wilde
70.7%
Gulliver's TravelsJonathan Swift
65.5%
PygmalionGeorge Bernard Shaw
56.8%
Waiting for GodotSamuel Beckett
52.1%
The TowerWilliam Butler Yeats
23.1%
The CommitmentsRoddy Doyle
21.5%
The Playboy of the Western WorldJohn Millington Synge
20%
Work Author % Correct
Tristram ShandyLaurence Sterne
16.1%
Borstal BoyBrendan Behan
15.5%
The Third PolicemanFlann O'Brien
14.9%
The School for ScandalRichard Brinsley Sheridan
13.2%
The Vicar of WakefieldOliver Goldsmith
12.7%
Dancing at LughnasaBrian Friel
11%
Seeing ThingsSeamus Heaney
10.7%
Three Dialogues between Hylas and PhilonousBishop George Berkeley
5.8%
The Minstrel BoyThomas Moore
5.4%
The Heat of the DayElizabeth Bowen
4.7%

You're not logged in!

Compare scores with friends on all Sporcle quizzes.
OR
Log In

Sporcle TV

Today on Sporcle TV


Watch our educational content, quiz creation guides, and fun videos on Sporcle TV.

Show Comments

Extras

Top Quizzes Today


Score Distribution

Your Account Isn't Verified!

In order to create a playlist on Sporcle, you need to verify the email address you used during registration. Go to your Sporcle Settings to finish the process.

Report this User

Report this user for behavior that violates our Community Guidelines.

Details: